1420 1967 1848 1371 1517 1138 1474 1605 1540 1306 1603 1251 1746 1802 1442 1204 1683 1418 1134 1166 1930 1726 1578 1599 1018 1107 1087 1342 1514 1765 1273 1818 1141 1486 1024 1926 1958 1358 1983 1653 1863 1622 1119 1784 1106 1589 1518 1336 1643 1935 1474 1621 1512 1968 1936 1496 1380 1749 1081 1133 1081 1568 1129 1259 1726 1440 1053 1632 1038 1060 1219 1772 1674 1100 1053 1944 1956 1734 1416 1859 1186 1342 1358 1805 1574 1371 1421 1393 1664 1851 1726 1852 1306 1768 1579 1865 1925 1004 1181 BCNSPRNW ULIB Ver.6.0+V

เปลี่ยนเป็นภาษาไทย

Change to English
 แสดงรายละเอียดบรรณานุกรม
  กลับหน้าหลัก

Brief Record : Get Marc (ISO 2709) : E-mail record : QR code < ปิดหน้าต่าง
LEADER : 00000nam 2200000uu 4500
001    13399120227
003     ULIB
008    020711s2009 th a 000 0 eng d
020    9780136001652
050    QS4^bM334E
100    ELAINE N.MARIEB
245    ESSENTIALS OF ANATOMY & PHYSIOLOGY/^cELAINE N.MARIEB
260    San Francisco :^bPEARSON,^c2009
945    ^p0^l0^i16159
999    ^aทศพร เกษรทอง
รายการนี้ยังไม่มีแท็ก
คุณยังไม่ได้ล็อกอิน คุณสามารถมีกิจกรรมร่วมกับเว็บไซต์ได้ แต่ต้องล็อกอินก่อน ::
  ล็อกอิน

รายการสื่อสารสนเทศ

ลำดับที่ ประเภท เลขเรียก/บาร์โค้ด สถานที่ สถานะ
1. วิทยาศาสตร์การแพทย์ และสุขภาพ
วิทยาศาสตร์การแพทย์ และสุขภาพ
QS4 M334E  
  Barcode: 16159
ห้องสมุดวิทยาเขตสวรรค์ประชารักษ์
►หนังสือทั่วไป
บนชั้น

BibComment


ยังไม่เคยถูกคอมเมนท์

คอมเมนท์ทรัพยากรรายการนี้
  คอมเมนท์: ESSENTIALS OF ANA..


 Copyright 2026. Bcnsprnw @Library